000 01949cam a2200481Ii 4500
001 1956464
003 OSt
005 20250902013841.0
008 180409s2018 onc e 000 1 eng d
020 _a9781335639134
_q(paperback)
035 _a1956464
035 _a(OCoLC)1030916781
035 _a1956464
040 _aIHI
_beng
_erda
_cIHI
_dIHI
_dIFA
049 _aIFAA
099 _f2018
100 1 _aDaniels, B. J.,
_eauthor.
245 1 0 _aCowboy's redemption /
_cB.J. Daniels.
264 1 _aToronto, Ontario :
_bHarlequin Enterprises Limited,
_c[2018]
264 4 _c♭2018
300 _a284 pages ;
_c17 cm.
336 _atext
_btxt
_2rdacontent
337 _aunmediated
_bn
_2rdamedia
338 _avolume
_bnc
_2rdacarrier
490 1 _aHarlequin intrigue. Larger print ;
_v#1779
490 1 _aMontana Cahills
500 _a"Larger print"--Cover.
520 _aHe gave her his heart. She gave him a daughter. Eighteen months ago, Colt McCloud experienced an unforgettable night of passion. Now his onetime lover is at his door, pleading for help to save the daughter they conceived. Lola Dayton knows Colt is her only hope to infiltrate the kidnapper's compound and save their baby. His military--and father--instincts kick in. And Colt secretly vows ... if they survive, he'll make this threesome a forever family.
650 0 _aMan-woman relationships
_vFiction.
650 0 _aSexual attraction
_vFiction.
650 0 _aCowboys
_vFiction.
650 0 _aKidnapping
_vFiction.
650 0 _aUnplanned pregnancy
_vFiction.
651 0 _aMontana
_vFiction.
655 7 _aRomance fiction.
_2lcgft
655 7 _aThrillers (Fiction)
_2lcgft
800 1 _aDaniels, B. J.
_tCahill Ranch novel.
830 0 _aHarlequin intrigue.
_pLarger print ;
_v1779.
902 _aMARCIVE
942 _cBK
999 _c31082
_d31080
999 _bROMANCE DANIELS 2018